Fall or, dodge in hell

Bibliographic Details
Main Author: Stephenson, Neal
Format: Book
Published: London : The Borough Press , 2019
Subjects:

MARC

LEADER 00000cam a2200000 7i4500
001 0000242563
005 20200609194217.0
020 |a 9780008168834 
090 0 0 |a F   |b STE 
100 1 |a Stephenson, Neal 
245 1 0 |a Fall or, dodge in hell   |c Neal Stephenson 
260 |a London :   |b The Borough Press ,   |c 2019 
300 |a 883p. ;   |c 24cm. 
650 0 |a Fiction 
999 |a 00380814   |b BUKU   |c PINJAMAN   |e PERPUSTAKAAN KOMUNITI PETALING JAYA